UM Logo

Financial markets and the economy / (Record no. 8258)

MARC details
000 -LEADER
fixed length control field 00778nam a2200205 4500
008 - FIXED-LENGTH DATA ELEMENTS--GENERAL INFORMATION
fixed length control field 180105b xxu||||| |||| 00| 0 eng d
020 ## - INTERNATIONAL STANDARD BOOK NUMBER
International Standard Book Number 0133168948
082 ## - DEWEY DECIMAL CLASSIFICATION NUMBER
Edition number 1988
Classification number DC 322.0973
Item number H39
100 ## - MAIN ENTRY--PERSONAL NAME
9 (RLIN) 25549
Personal name Henning, Charles N., author.
245 ## - TITLE STATEMENT
Title Financial markets and the economy /
Statement of responsibility, etc. Charles N. Henning, William Pigott, Robert Haney Scott.
250 ## - EDITION STATEMENT
Edition statement Fifth edition.
260 ## - PUBLICATION, DISTRIBUTION, ETC. (IMPRINT)
Place of publication, distribution, etc. Englewood Cliffs, N.J. :
Name of publisher, distributor, etc. Prentice Hall,
Date of publication, distribution, etc. ©1988.
300 ## - PHYSICAL DESCRIPTION
Extent xvi, 638 pages :
Other physical details illustrations ;
Dimensions 25 cm.
500 ## - GENERAL NOTE
General note Includes bibliographies and index.
650 #0 - SUBJECT ADDED ENTRY--TOPICAL TERM
9 (RLIN) 25550
Topical term or geographic name as entry element Finance
General subdivision United States
650 #0 - SUBJECT ADDED ENTRY--TOPICAL TERM
9 (RLIN) 25551
Topical term or geographic name as entry element Financial institutions
Geographic subdivision United States
700 ## - ADDED ENTRY--PERSONAL NAME
9 (RLIN) 25552
Personal name Pigott, William, author.
700 ## - ADDED ENTRY--PERSONAL NAME
9 (RLIN) 25553
Personal name Scott, Robert Haney, author.
942 ## - ADDED ENTRY ELEMENTS (KOHA)
Source of classification or shelving scheme Dewey Decimal Classification
Koha item type Circulation
Holdings
Withdrawn status Lost status Source of classification or shelving scheme Damaged status Not for loan Collection code Home library Current library Date acquired Source of acquisition Total Checkouts Full call number Barcode Date last seen Copy number Price effective from Koha item type
    Dewey Decimal Classification     Circulation UM Digos College - LIC UM Digos College - LIC 05/30/1995 Purchased   DC 322.0973 H39 1988 11871 04/14/2025 1 01/05/2018 Circulation